00651nam a2200169 a 450000100100000000500170001000800410002704000250006810000370009324500530013026000360018330000200021950001110023904900090035095201050035999900170046400003302420200930065958.0110808s1937 dr 000 0 spa d aDO-SdBNPbspacBNPHU1 aGonzález Herrera, Julio92384710aVersos del carnaval /cJulio González Herrera. aSanto Domingo :b[s.n.],c1937. a29 p. ;c22 cm. aHomenaje sl Hon. Presidente de la República, a la primera Dama i a S. M. Lina reina del carnaval de 1937 aBNPD 0010718PDaPDbPDcCTd2011-08-08iLF1l0o p33024-10r2020-06-25w2020-06-25yLFPDZNo se presta c32515d32515